[Event "71st ch-RUS 2018"]
[Site "Satka RUS"]
[Date "2018.08.29"]
[Round "5.3"]
[White "Sarana, Alexey"]
[Black "Andreikin, Dmitry"]
[Result "1/2-1/2"]
[WhiteTitle "GM"]
[BlackTitle "GM"]
[WhiteElo "2613"]
[BlackElo "2710"]
[WhiteFideId "24133795"]
[BlackFideId "4158814"]
[EventDate "2018.08.25"]

1. d4 d5 2. c4 dxc4 3. Nf3 a6 4. e3 Bg4 5. Bxc4 e6 6. Nc3 Nc6 7. O-O Nf6 8. Be2
Bd6 9. Nd2 Bxe2 10. Qxe2 O-O 11. Nf3 e5 12. d5 Ne7 13. e4 Ng6 14. Nd2 Qd7 15.
Nc4 Bc5 16. Be3 Bxe3 17. Nxe3 Ne8 18. Qg4 Qxg4 19. Nxg4 Nd6 20. Ne3 Ne7 21. Rac1
Rac8 22. f3 Rfd8 23. Rfd1 c6 24. dxc6 Nxc6 25. Ncd5 Kf8 26. Nb6 Rb8 27. Rc5 Ke7
28. Ned5+ Kf8 29. Ne3 Ke7 30. h4 f6 31. h5 Ke6 32. Ned5 Ne8 33. a4 Nd4 34. Kf2
Rd6 35. b4 Rc6 36. a5 Kd6 37. Rxc6+ Kxc6 38. f4 Kd6 39. f5 h6 40. Rd3 Rd8 41.
Rc3 Nc6 42. Ke1 Nc7 43. Nxc7 Kxc7 44. Rg3 Nxb4 45. Rxg7+ Kc6 46. Rg6 Kc5 47.
Rxh6 Kd4 48. Rxf6 Kxe4 49. h6 Nc2+ 50. Kf2 Ne3 51. Ke2 Ng4 52. Rg6 1/2-1/2

[Event "71st ch-RUS 2018"]
[Site "Satka RUS"]
[Date "2018.08.29"]
[Round "5.4"]
[White "Oparin, Grigoriy"]
[Black "Fedoseev, Vladimir3"]
[Result "1/2-1/2"]
[WhiteTitle "GM"]
[BlackTitle "GM"]
[WhiteElo "2609"]
[BlackElo "2707"]
[WhiteFideId "24125890"]
[BlackFideId "24130737"]
[EventDate "2018.08.25"]

1. c4 e6 2. Nf3 Nf6 3. Nc3 d5 4. e3 Be7 5. b3 O-O 6. Bb2 dxc4 7. Bxc4 a6 8. Qc2
b5 9. Be2 Bb7 10. g4 b4 11. Na4 Ne4 12. Rg1 Bf6 13. d4 g6 14. g5 Nxg5 15. Nxg5
Bxg5 16. Nc5 Ra7 17. O-O-O Bf6 18. h4 Nd7 19. Nxb7 Rxb7 20. h5 Bg7 21. hxg6 hxg6
22. f4 Qe7 23. Kb1 c5 24. Bc4 Nb6 25. f5 Nxc4 26. Qxc4 g5 27. fxe6 fxe6 28. dxc5
Bxb2 29. Kxb2 Rc7 30. Rd6 Rf2+ 31. Kb1 Qf6 32. Qxe6+ Qxe6 33. Rxe6 Rxc5 34. Rg6+
Kf7 35. R6xg5 Rxg5 36. Rxg5 Rf1+ 37. Kc2 Rf2+ 38. Kd3 Rxa2 39. Kc4 a5 40. Kb5
Ra3 1/2-1/2

[Event "71st ch-RUS 2018"]
[Site "Satka RUS"]
[Date "2018.08.29"]
[Round "5.5"]
[White "Inarkiev, Ernesto"]
[Black "Tomashevsky, Evgeny"]
[Result "1/2-1/2"]
[WhiteTitle "GM"]
[BlackTitle "GM"]
[WhiteElo "2690"]
[BlackElo "2702"]
[WhiteFideId "4162722"]
[BlackFideId "4147235"]
[EventDate "2018.08.25"]

1. e4 e5 2. Nf3 Nc6 3. Bb5 a6 4. Ba4 Nf6 5. O-O Be7 6. Re1 b5 7. Bb3 O-O 8. h3
Bb7 9. d3 d5 10. exd5 Nxd5 11. Nxe5 Nd4 12. Nc3 Nxb3 13. axb3 Nb4 14. Ne4 f6 15.
Nf3 Qd7 16. Bd2 a5 17. d4 Bd5 18. Re3 Rfe8 19. c3 Nc6 20. Qe2 f5 21. Nc5 Bxc5
22. dxc5 b4 23. cxb4 axb4 24. Rxa8 Rxa8 25. Rd3 h6 26. Bf4 Qf7 27. Qd1 Be4 28.
Rd2 Re8 29. Ne1 g5 30. Be3 f4 31. Bd4 Rd8 32. f3 Bf5 33. h4 Kh7 34. Bf2 Rxd2 35.
Qxd2 Qxb3 36. hxg5 hxg5 37. g3 Qc4 38. gxf4 gxf4 39. Ng2 Ne5 40. Qxf4 Qxf4 41.
Nxf4 Nxf3+ 1/2-1/2

[Event "71st ch-RUS 2018"]
[Site "Satka RUS"]
[Date "2018.08.30"]
[Round "6.1"]
[White "Khismatullin, Denis"]
[Black "Vitiugov, Nikita"]
[Result "1/2-1/2"]
[WhiteTitle "GM"]
[BlackTitle "GM"]
[WhiteElo "2634"]
[BlackElo "2730"]
[WhiteFideId "4142578"]
[BlackFideId "4152956"]
[EventDate "2018.08.25"]

1. c4 Nf6 2. Nc3 e5 3. Nf3 Nc6 4. g3 d5 5. cxd5 Nxd5 6. Bg2 Nb6 7. O-O Be7 8. d3
O-O 9. Be3 Be6 10. a3 a5 11. Na4 Nd5 12. Bc5 b6 13. Bxe7 Ndxe7 14. Ng5 Bd5 15.
Bxd5 Nxd5 16. Nf3 Qd7 17. Rc1 Rad8 18. Nc3 Nxc3 19. Rxc3 e4 20. Qc2 exf3 21.
Rxc6 fxe2 22. Re1 Qxd3 23. Rxe2 Qf3 24. Rxc7 Rd6 25. Rc8 g6 26. Rc3 Qf6 27. Kg2
Re6 28. Rxe6 Qxe6 29. Re3 Qd5+ 30. Qe4 Qxe4+ 31. Rxe4 Rc8 32. Re5 Kg7 33. Rb5
Rc6 34. a4 Kf6 35. b4 axb4 36. Rxb4 Kg7 37. Rb5 Rc4 38. Rxb6 Rxa4 39. h4 h5 40.
Rb3 Ra8 1/2-1/2

[Event "71st ch-RUS 2018"]
[Site "Satka RUS"]
[Date "2018.08.30"]
[Round "6.3"]
[White "Fedoseev, Vladimir3"]
[Black "Inarkiev, Ernesto"]
[Result "0-1"]
[WhiteTitle "GM"]
[BlackTitle "GM"]
[WhiteElo "2707"]
[BlackElo "2690"]
[WhiteFideId "24130737"]
[BlackFideId "4162722"]
[EventDate "2018.08.25"]

1. c4 e5 2. g3 Nf6 3. Bg2 c6 4. d4 exd4 5. Qxd4 Na6 6. Nf3 Bc5 7. Qe5+ Be7 8.
O-O O-O 9. Nc3 Nc7 10. Rd1 Re8 11. Qa5 d5 12. e4 b6 13. Qa4 b5 14. cxb5 cxb5 15.
Qc2 Bb7 16. Bf4 Rc8 17. Qb1 Bc5 18. h3 Ne6 19. Be5 Ng5 20. Bd4 Nxf3+ 21. Bxf3
Bxd4 22. Rxd4 Qb6 23. Rb4 dxe4 24. Rxb5 Qc7 25. Bg2 Bc6 26. Rf5 Qd7 27. Rf4 Qe6
28. g4 h5 29. Qd1 hxg4 30. hxg4 e3 31. Bxc6 exf2+ 32. Rxf2 Rxc6 33. g5 Ng4 34.
Rf3 Qe5 35. Qd2 Rd6 36. Qf4 f5 37. gxf6 Qc5+ 38. Kg2 Nxf6 39. b4 Qc6 40. Rc1 Rd3
41. b5 Rxf3 42. Qxf3 Qc5 43. Qf4 Re3 44. Qb8+ Kf7 45. Qb7+ Re7 46. Nd5 Qxd5+ 47.
Qxd5+ Nxd5 48. a4 Ke6 49. Rc6+ Ke5 50. Kf2 Rc7 51. Rg6 Nf6 52. a5 Rb7 53. a6 Rc7
54. Ke2 Kf5 55. Rg1 g5 56. Kd3 Nd5 57. Rf1+ Kg6 58. Rf8 Nb6 59. Kd4 Rc4+ 60. Kd3
Rc5 61. Rg8+ Kf6 62. Rf8+ Ke6 63. Rb8 Rxb5 64. Kd4 0-1

[Event "71st ch-RUS 2018"]
[Site "Satka RUS"]
[Date "2018.08.30"]
[Round "6.4"]
[White "Andreikin, Dmitry"]
[Black "Oparin, Grigoriy"]
[Result "1/2-1/2"]
[WhiteTitle "GM"]
[BlackTitle "GM"]
[WhiteElo "2710"]
[BlackElo "2609"]
[WhiteFideId "4158814"]
[BlackFideId "24125890"]
[EventDate "2018.08.25"]

1. d4 Nf6 2. Nf3 e6 3. Bg5 d5 4. e3 Be7 5. Nbd2 Nbd7 6. Bd3 b6 7. c3 Bb7 8. O-O
O-O 9. b4 h6 10. Bf4 c5 11. Qb1 cxb4 12. cxb4 Nh5 13. Be5 Nhf6 14. Bg3 Nh5 15.
Be5 Nhf6 16. Bf4 Nh5 17. Be5 1/2-1/2

[Event "71st ch-RUS 2018"]
[Site "Satka RUS"]
[Date "2018.08.30"]
[Round "6.5"]
[White "Kobalia, Mikhail"]
[Black "Sarana, Alexey"]
[Result "0-1"]
[WhiteTitle "GM"]
[BlackTitle "GM"]
[WhiteElo "2619"]
[BlackElo "2613"]
[WhiteFideId "4119150"]
[BlackFideId "24133795"]
[EventDate "2018.08.25"]

1. e4 c5 2. Nf3 d6 3. d4 cxd4 4. Nxd4 Nf6 5. Nc3 a6 6. f3 e5 7. Nb3 Be6 8. Be3
Nbd7 9. Qd2 b5 10. O-O-O Be7 11. g4 Nb6 12. g5 Nh5 13. Nd5 Nxd5 14. exd5 Bd7 15.
Na5 Qc7 16. Nc6 Bxc6 17. dxc6 Qxc6 18. Bh3 g6 19. Bg4 Ng7 20. h4 Rd8 21. f4 Nf5
22. h5 Nxe3 23. Qxe3 Qc5 24. Qf3 exf4 25. hxg6 fxg6 26. Rhe1 Qxg5 27. Qc3 O-O
28. Be6+ Rf7 29. Bxf7+ Kxf7 30. Qh3 Kg7 31. Rh1 h5 32. Rhg1 Qc5 33. Qg2 Qf5 34.
Rd5 f3 35. Qd2 f2 36. Rf1 Qe4 37. Rxf2 Qh1+ 38. Qd1 Qxd1+ 39. Kxd1 h4 40. Ke2
Bf6 41. Rh2 g5 42. Kf3 Be5 43. Re2 Kg6 44. Kg4 Rf8 45. Re4 Rf2 46. a4 Rg2+ 47.
Kf3 h3 0-1

[Event "71st ch-RUS 2018"]
[Site "Satka RUS"]
[Date "2018.08.30"]
[Round "6.6"]
[White "Jakovenko, Dmitry"]
[Black "Nepomniachtchi, Ian"]
[Result "1-0"]
[WhiteTitle "GM"]
[BlackTitle "GM"]
[WhiteElo "2748"]
[BlackElo "2768"]
[WhiteFideId "4122356"]
[BlackFideId "4168119"]
[EventDate "2018.08.25"]

1. e4 c5 2. Nf3 d6 3. Bb5+ Nd7 4. O-O a6 5. Bd3 Ngf6 6. Re1 g6 7. c3 Bg7 8. Bc2
O-O 9. d4 e5 10. a4 cxd4 11. cxd4 exd4 12. Nxd4 Nc5 13. Nc3 d5 14. e5 Nfe4 15.
f4 Nxc3 16. bxc3 Re8 17. Be3 Qc7 18. Qf3 Ne4 19. Bb3 Qd7 20. Rad1 Nxc3 21. Rd3
Ne4 22. e6 fxe6 23. Nxe6 Nf6 24. f5 gxf5 25. Nxg7 Qxg7 26. Qf1 Be6 27. Bd4 Kf7
28. Qf4 Bd7 29. Rf1 Be6 30. Rg3 Qh8 31. Qh4 Rad8 32. Bc2 h6 33. Bxf5 1-0

[Event "71st ch-RUS 2018"]
[Site "Satka RUS"]
[Date "2018.09.01"]
[Round "7.1"]
[White "Nepomniachtchi, Ian"]
[Black "Khismatullin, Denis"]
[Result "1-0"]
[WhiteTitle "GM"]
[BlackTitle "GM"]
[WhiteElo "2768"]
[BlackElo "2634"]
[WhiteFideId "4168119"]
[BlackFideId "4142578"]
[EventDate "2018.08.25"]

1. e4 e5 2. Nf3 Nf6 3. Nxe5 d6 4. Nf3 Nxe4 5. d4 d5 6. Bd3 Bf5 7. O-O Be7 8. Re1
O-O 9. Nc3 Nxc3 10. bxc3 Bxd3 11. Qxd3 Nd7 12. a4 c6 13. a5 Re8 14. c4 dxc4 15.
Qxc4 Qc7 16. Bd2 Bd6 17. g3 Nf6 18. Bg5 Ne4 19. Qd3 Nxg5 20. Nxg5 g6 21. Ne4 Be7
22. Qb3 Red8 23. Rad1 b5 24. axb6 Qxb6 25. Qa4 a5 26. c3 Qb5 27. Ra1 Qxa4 28.
Rxa4 c5 29. dxc5 f5 30. Nd2 Bxc5 31. Nc4 Rd3 32. Rc1 f4 33. gxf4 Rf3 34. Rc2
Rxf4 35. Rxa5 Rxa5 36. Nxa5 Kf7 37. Nb3 Bb6 38. c4 Ke6 39. Kg2 g5 40. Re2+ Kf6
41. c5 Bc7 42. h3 h5 43. Rc2 Ke6 44. c6 Kd6 45. Rd2+ Ke5 46. Rc2 Kd6 47. Nc5 Bb6
48. Na6 Rf7 49. Kg3 Ra7 50. c7 Bxc7 51. Nxc7 Rxc7 52. Rxc7 Kxc7 53. h4 1-0

[Event "71st ch-RUS 2018"]
[Site "Satka RUS"]
[Date "2018.09.01"]
[Round "7.2"]
[White "Sarana, Alexey"]
[Black "Jakovenko, Dmitry"]
[Result "0-1"]
[WhiteTitle "GM"]
[BlackTitle "GM"]
[WhiteElo "2613"]
[BlackElo "2748"]
[WhiteFideId "24133795"]
[BlackFideId "4122356"]
[EventDate "2018.08.25"]

1. d4 Nf6 2. c4 e6 3. Nf3 d5 4. g3 Bb4+ 5. Bd2 Be7 6. Bg2 c6 7. O-O O-O 8. Qc2
b6 9. Rd1 Ba6 10. b3 Nbd7 11. Bf4 Rc8 12. Nc3 Nh5 13. Bc1 f5 14. e3 Bd6 15. a4
Nhf6 16. Ne2 c5 17. Nf4 Qe7 18. cxd5 cxd4 19. Qb2 dxe3 20. Nxe6 exf2+ 21. Qxf2
Ne4 22. Qe3 Rc3 23. Qd4 Ndc5 24. Ba3 Nxe6 25. Bxd6 Nxd4 26. Bxe7 Ne2+ 27. Kf1
Nf4+ 28. Kg1 Ne2+ 29. Kf1 N2xg3+ 30. Kg1 Ne2+ 31. Kf1 Nf4+ 32. Kg1 Ne2+ 33. Kf1
Rc2 34. Ne1 Nf4+ 35. Kg1 Rxg2+ 0-1

[Event "71st ch-RUS 2018"]
[Site "Satka RUS"]
[Date "2018.09.01"]
[Round "7.3"]
[White "Oparin, Grigoriy"]
[Black "Kobalia, Mikhail"]
[Result "1-0"]
[WhiteTitle "GM"]
[BlackTitle "GM"]
[WhiteElo "2609"]
[BlackElo "2619"]
[WhiteFideId "24125890"]
[BlackFideId "4119150"]
[EventDate "2018.08.25"]

1. Nf3 d5 2. g3 c6 3. Bg2 Bg4 4. O-O Nf6 5. h3 Bh5 6. d4 e6 7. c4 Nbd7 8. cxd5
exd5 9. Nh4 Bg6 10. Nc3 Be7 11. Nxg6 hxg6 12. Qd3 O-O 13. Bf3 Ne8 14. h4 Nd6 15.
Bf4 f5 16. b4 Ne4 17. b5 g5 18. hxg5 Bxg5 19. bxc6 bxc6 20. Bc1 Rf6 21. Nxd5
cxd5 22. Bxg5 Nxg5 23. Bxd5+ Kh8 24. Bxa8 Qxa8 25. f3 Qd5 26. Kg2 Ne6 27. e4
fxe4 28. fxe4 Qg5 29. e5 Rh6 30. Rac1 g6 31. Rc8+ Kg7 32. Qf3 Qe7 33. d5 Ng5 34.
Qc3 Qxe5 35. Qxe5+ Nxe5 36. Rc7+ Ngf7 37. Re1 Kf6 38. Rf1+ Kg7 39. Rxa7 Rh8 40.
a4 Rb8 41. a5 Rb5 42. a6 Ra5 43. d6 g5 44. d7 Nd8 45. Rf5 Ra2+ 46. Rf2 Ra3 47.
Ra8 Nec6 48. Kh3 Ra4 49. Re2 Nf7 50. Re6 g4+ 51. Kg2 Nfd8 52. Re8 Ra2+ 53. Kf1
Ra1+ 54. Kf2 Ra2+ 55. Ke1 Nf7 56. a7 Kf6 57. Rac8 Nxa7 58. Rf8 Ra1+ 59. Kd2 Ra2+
60. Kc1 Ra1+ 61. Kb2 Rd1 62. d8=Q+ Rxd8 63. Rcxd8 1-0

[Event "71st ch-RUS 2018"]
[Site "Satka RUS"]
[Date "2018.09.01"]
[Round "7.4"]
[White "Inarkiev, Ernesto"]
[Black "Andreikin, Dmitry"]
[Result "1/2-1/2"]
[WhiteTitle "GM"]
[BlackTitle "GM"]
[WhiteElo "2690"]
[BlackElo "2710"]
[WhiteFideId "4162722"]
[BlackFideId "4158814"]
[EventDate "2018.08.25"]

1. c4 e5 2. Nc3 d6 3. Nf3 f5 4. d4 e4 5. Ng5 c6 6. Qc2 Na6 7. a3 Nc7 8. g3 h6 9.
Nh3 g5 10. f3 d5 11. cxd5 cxd5 12. Be3 Bd6 13. O-O-O Ne7 14. Bg2 exf3 15. exf3
f4 16. gxf4 Bf5 17. Qe2 Qd7 18. Qf1 Rc8 19. Kd2 Na8 20. Ke1 Bxa3 21. Bc1 O-O 22.
fxg5 Ng6 23. gxh6 Nh4 24. Nf4 Nb6 25. Rg1 Kh8 26. Bh1 Bc2 27. Qf2 Bxd1 28. Kxd1
Rxc3 29. bxc3 Qa4+ 30. Kd2 Rxf4 31. Qg3 Rxd4+ 32. cxd4 Nc4+ 33. Ke2 Qc2+ 34. Kf1
Qd3+ 35. Kf2 Qc2+ 36. Kf1 Qxc1+ 37. Qe1 Qxe1+ 38. Kxe1 Nf5 39. f4 Nce3 40. Ke2
Bd6 41. Rg7 Bxf4 42. Rxb7 Nxd4+ 43. Kf2 a5 44. Rd7 Ng4+ 45. Kf1 Ne3+ 46. Kf2
Ng4+ 47. Kf1 Nxh2+ 48. Ke1 Nhf3+ 49. Kf2 Ne5 50. Rxd5 Ng4+ 51. Ke1 Be3 52. Rxa5
Bd2+ 53. Kxd2 Nb3+ 54. Kc3 Nxa5 55. Kb4 Nxh6 1/2-1/2

[Event "71st ch-RUS 2018"]
[Site "Satka RUS"]
[Date "2018.09.01"]
[Round "7.6"]
[White "Vitiugov, Nikita"]
[Black "Tomashevsky, Evgeny"]
[Result "1/2-1/2"]
[WhiteTitle "GM"]
[BlackTitle "GM"]
[WhiteElo "2730"]
[BlackElo "2702"]
[WhiteFideId "4152956"]
[BlackFideId "4147235"]
[EventDate "2018.08.25"]

1. e4 e5 2. Nf3 Nc6 3. Bb5 a6 4. Ba4 Nf6 5. O-O Be7 6. d3 b5 7. Bb3 d6 8. a4 b4
9. a5 O-O 10. Nbd2 h6 11. Re1 Rb8 12. h3 Be6 13. Ba4 Nxa5 14. d4 c5 15. dxe5
dxe5 16. Nxe5 c4 17. Qe2 Rc8 18. Ndf3 Qb6 19. Bf4 Rfd8 20. Rad1 Bc5 21. Rxd8+
Rxd8 22. Bg3 Nh5 23. Bh2 Nf6 24. Bg3 Nh5 25. Bh2 Nf6 1/2-1/2

[Event "71st ch-RUS 2018"]
[Site "Satka RUS"]
[Date "2018.09.02"]
[Round "8.1"]
[White "Khismatullin, Denis"]
[Black "Tomashevsky, Evgeny"]
[Result "1/2-1/2"]
[WhiteTitle "GM"]
[BlackTitle "GM"]
[WhiteElo "2634"]
[BlackElo "2702"]
[WhiteFideId "4142578"]
[BlackFideId "4147235"]
[EventDate "2018.08.25"]

1. d4 Nf6 2. c4 e6 3. Nc3 Bb4 4. Nf3 b6 5. Bd2 Bb7 6. g3 c5 7. dxc5 Bxc5 8. Bg2
O-O 9. O-O Nc6 10. Bf4 Na5 11. b3 d5 12. cxd5 Nxd5 13. Nxd5 Qxd5 14. Qxd5 Bxd5
15. Rfd1 Nc6 16. Ne5 Bxg2 17. Kxg2 Nxe5 18. Bxe5 Rfd8 19. Kf3 Kf8 20. e4 f6 21.
Bb2 Ke7 22. Ke2 e5 23. f3 Ke6 24. Rxd8 Rxd8 25. Rd1 Rxd1 26. Kxd1 b5 27. Ke2 a6
28. g4 g6 29. h3 Be7 30. Bc3 Bc5 31. Bb2 Be7 32. Bc3 Bc5 33. Bb2 Be7 1/2-1/2

[Event "71st ch-RUS 2018"]
[Site "Satka RUS"]
[Date "2018.09.02"]
[Round "8.4"]
[White "Kobalia, Mikhail"]
[Black "Inarkiev, Ernesto"]
[Result "1/2-1/2"]
[WhiteTitle "GM"]
[BlackTitle "GM"]
[WhiteElo "2619"]
[BlackElo "2690"]
[WhiteFideId "4119150"]
[BlackFideId "4162722"]
[EventDate "2018.08.25"]

1. e4 e5 2. Nf3 Nc6 3. Bb5 a6 4. Ba4 Nf6 5. O-O Be7 6. Re1 b5 7. Bb3 O-O 8. c3
d5 9. exd5 Nxd5 10. Nxe5 Nxe5 11. Rxe5 c6 12. d3 Bd6 13. Re1 Bf5 14. Qf3 Bg6 15.
Bxd5 cxd5 16. Bf4 d4 17. cxd4 Bb4 18. Nc3 Qxd4 19. Be5 Qxd3 20. Re3 Qc4 21. Nd5
Rad8 22. Nxb4 Qxb4 23. a3 Qc5 24. Bc3 Rfe8 25. Rae1 Rxe3 26. Qxe3 Qxe3 27. Rxe3
Rd1+ 28. Re1 Rxe1+ 29. Bxe1 f6 30. f3 Kf7 31. Kf2 Ke6 32. Ke3 Kd5 33. Bb4 Be8
34. Bf8 g5 35. Be7 Ke5 36. Bd8 h6 37. Kd3 b4 38. axb4 Bb5+ 39. Ke3 f5 40. h4 f4+
41. Kf2 1/2-1/2

[Event "71st ch-RUS 2018"]
[Site "Satka RUS"]
[Date "2018.09.02"]
[Round "8.5"]
[White "Jakovenko, Dmitry"]
[Black "Oparin, Grigoriy"]
[Result "1-0"]
[WhiteTitle "GM"]
[BlackTitle "GM"]
[WhiteElo "2748"]
[BlackElo "2609"]
[WhiteFideId "4122356"]
[BlackFideId "24125890"]
[EventDate "2018.08.25"]

1. e4 e5 2. Nf3 Nc6 3. Bb5 a6 4. Ba4 Nf6 5. O-O Be7 6. Re1 b5 7. Bb3 d6 8. c3
O-O 9. h3 Bb7 10. d4 Re8 11. Nbd2 Bf8 12. a3 h6 13. Bc2 Nb8 14. b3 Nbd7 15. Bb2
c6 16. Bd3 g6 17. Qc2 Nh5 18. Bf1 Nf4 19. b4 Rc8 20. c4 exd4 21. Bxd4 bxc4 22.
Nxc4 c5 23. Bb2 cxb4 24. axb4 d5 25. exd5 Rxe1 26. Rxe1 Nxd5 27. Qd2 N7f6 28.
Rd1 Qe8 29. Nfe5 Qe6 30. Qd4 Bg7 31. Qa7 Rc7 32. Na5 Bc8 33. Qa8 Nb6 34. Qb8
Nfd5 35. Nac4 Rb7 36. Qd6 Kh7 37. Qd8 Bf6 38. Qf8 Bg7 39. Qd8 Bf6 40. Qf8 Bg7
41. Nd7 Bxf8 42. Nxf8+ Kg8 43. Nxe6 Bxe6 44. Na5 Rd7 45. Nc6 Rc7 46. Nb8 Nc4 47.
Ba1 a5 48. Bxc4 Rxc4 49. bxa5 Rc8 50. Be5 f6 51. Bd6 Nc3 52. Re1 Kf7 53. a6 Nb5
54. Bg3 Bd5 55. Nd7 Rc2 56. Nb6 Bc6 57. Ra1 f5 58. a7 g5 59. Be5 Ke6 60. Bg7
Nxa7 61. Rxa7 Rc1+ 62. Kh2 Rc2 63. Bd4 f4 64. Rh7 1-0

[Event "71st ch-RUS 2018"]
[Site "Satka RUS"]
[Date "2018.09.02"]
[Round "8.6"]
[White "Nepomniachtchi, Ian"]
[Black "Sarana, Alexey"]
[Result "1-0"]
[WhiteTitle "GM"]
[BlackTitle "GM"]
[WhiteElo "2768"]
[BlackElo "2613"]
[WhiteFideId "4168119"]
[BlackFideId "24133795"]
[EventDate "2018.08.25"]

1. e4 c5 2. Nf3 d6 3. d4 cxd4 4. Nxd4 Nf6 5. Nc3 a6 6. Bg5 e6 7. Qf3 Nbd7 8.
O-O-O Qc7 9. Bd3 Be7 10. Qg3 b5 11. Rhe1 h6 12. Bxf6 Bxf6 13. Nf5 Kf8 14. Qxd6+
Qxd6 15. Nxd6 Ke7 16. Nxc8+ Rhxc8 17. Ne2 g5 18. g3 g4 19. Nf4 Bd4 20. Rf1 Ne5
21. Be2 Bb6 22. h3 h5 23. h4 Rh8 24. c3 Bc7 25. Kc2 Nd7 26. Nd3 Ne5 27. a4 Nxd3
28. Bxd3 Rhb8 29. axb5 axb5 30. Kb3 Bd6 31. Be2 b4 32. c4 Ra5 33. Rd2 Rb6 34.
Rfd1 Ra7 35. Rd3 Ra8 36. f3 gxf3 37. Bxf3 Rg8 38. Bxh5 Rxg3 39. Rxg3 Bxg3 40. c5
Rb7 41. Rf1 Kf8 42. Bg4 Ke7 43. h5 Rc7 44. Rc1 Be5 45. Be2 Rc8 46. Rc2 Rb8 47.
h6 Rh8 48. Kxb4 Rxh6 49. Ka5 Rh4 50. b4 Rxe4 51. b5 Re3 52. b6 Ra3+ 53. Kb4 Ra1
54. Bc4 Rb1+ 55. Ka5 Ra1+ 56. Ba2 Kd8 57. c6 Bc7 58. Rd2+ Kc8 59. bxc7 1-0

[Event "71st ch-RUS 2018"]
[Site "Satka RUS"]
[Date "2018.09.03"]
[Round "9.1"]
[White "Sarana, Alexey"]
[Black "Khismatullin, Denis"]
[Result "1/2-1/2"]
[WhiteTitle "GM"]
[BlackTitle "GM"]
[WhiteElo "2613"]
[BlackElo "2634"]
[WhiteFideId "24133795"]
[BlackFideId "4142578"]
[EventDate "2018.08.25"]

1. e4 e5 2. Nf3 Nc6 3. Bb5 Nf6 4. O-O Nxe4 5. Re1 Nd6 6. Nxe5 Be7 7. Bf1 Nf5 8.
c3 Nxe5 9. Rxe5 d6 10. Re1 O-O 11. d4 d5 12. Nd2 Bd6 13. Nf3 Nh4 14. g3 Nxf3+
15. Qxf3 Be6 16. Bd3 Re8 17. Qh5 g6 18. Qf3 Kg7 19. Bf4 Bxf4 20. Qxf4 Qd7 21.
Re3 f6 22. h4 h6 23. Rae1 g5 24. hxg5 hxg5 25. Qf3 Bg4 26. Qh1 Rxe3 27. Qh7+ Kf8
28. Qh6+ Qg7 29. Qxg7+ Kxg7 30. Rxe3 Kf8 31. f3 Bd7 32. Re2 Re8 33. Rh2 Re3 34.
Be2 Bf5 35. Kf2 Re8 36. f4 Kg7 37. Bf3 c6 38. Rh1 g4 39. Be2 Be4 40. Rh2 f5 41.
a3 b6 42. Ba6 c5 43. Ke3 Re7 44. Bb5 Bf3+ 45. Kd2 cxd4 46. cxd4 Be4 47. Ba4 Rc7
48. Bb3 b5 49. Re2 a5 50. Re1 a4 51. Rc1 Rxc1 52. Kxc1 axb3 53. Kd2 b4 54. a4
Bg2 55. Ke2 Bf3+ 56. Ke3 Bg2 57. Kf2 Be4 58. Ke3 1/2-1/2

[Event "71st ch-RUS 2018"]
[Site "Satka RUS"]
[Date "2018.09.03"]
[Round "9.2"]
[White "Oparin, Grigoriy"]
[Black "Nepomniachtchi, Ian"]
[Result "0-1"]
[WhiteTitle "GM"]
[BlackTitle "GM"]
[WhiteElo "2609"]
[BlackElo "2768"]
[WhiteFideId "24125890"]
[BlackFideId "4168119"]
[EventDate "2018.08.25"]

1. e4 c5 2. Nf3 d6 3. d4 cxd4 4. Nxd4 Nf6 5. Nc3 a6 6. g3 e5 7. Nf3 Be7 8. Nh4
O-O 9. Bg2 g6 10. a4 Nc6 11. O-O Bd7 12. Re1 Rc8 13. Nf3 Na5 14. h3 Re8 15. Qd3
Qc7 16. Qe3 b5 17. axb5 axb5 18. Qh6 b4 19. Nd5 Nxd5 20. exd5 f6 21. Re4 Bf8 22.
Qd2 Ra8 23. Qe2 Reb8 24. Ne1 f5 25. Re3 Nb3 26. Rxa8 Nxc1 27. Qa6 Bh6 28. Rxb8+
Qxb8 29. Qa1 Bxe3 30. fxe3 Ne2+ 31. Kf2 Bb5 32. Nd3 b3 33. Bf1 Nxg3 34. Kxg3
bxc2 35. Kf2 Qd8 36. Ke1 e4 37. Nf2 Qc7 38. Kd2 c1=Q+ 39. Qxc1 Qxc1+ 40. Kxc1
Bxf1 41. Kd2 g5 42. b4 Kf7 43. Nd1 Ke7 44. Ke1 Bxh3 45. b5 Kd7 46. b6 Bg4 47.
Nc3 Kc8 48. Nb5 Kb7 49. Nxd6+ Kxb6 50. Nf7 h5 51. Nxg5 Kc5 52. Ne6+ Kxd5 53.
Nf4+ Kc4 54. Ng6 Kd3 55. Kf2 Kd2 56. Nh4 f4 57. Ng2 fxe3+ 58. Nxe3 Be6 59. Ng2
Bf7 60. Ne3 h4 61. Ng2 h3 62. Nf4 e3+ 63. Kg3 Be6 0-1

[Event "71st ch-RUS 2018"]
[Site "Satka RUS"]
[Date "2018.09.03"]
[Round "9.3"]
[White "Inarkiev, Ernesto"]
[Black "Jakovenko, Dmitry"]
[Result "1/2-1/2"]
[WhiteTitle "GM"]
[BlackTitle "GM"]
[WhiteElo "2690"]
[BlackElo "2748"]
[WhiteFideId "4162722"]
[BlackFideId "4122356"]
[EventDate "2018.08.25"]

1. d4 Nf6 2. c4 e6 3. Nc3 Bb4 4. Nf3 b6 5. e3 Bb7 6. Bd3 O-O 7. O-O d5 8. cxd5
exd5 9. Ne5 c5 10. Bd2 Nc6 11. a3 Bxc3 12. Bxc3 Nxe5 13. dxe5 Ne4 14. f4 Nxc3
15. bxc3 g6 16. Qg4 Qe7 17. h4 Bc8 18. Qg3 Kh8 19. h5 gxh5 20. f5 Rg8 21. f6 Qe6
22. Qf4 Qg4 23. Rf2 Qg5 24. Rd1 Bg4 25. Be2 Bxe2 26. Rxe2 Rad8 27. Red2 h6 28.
Qxg5 hxg5 29. Rxd5 Rxd5 30. Rxd5 Re8 31. Kf2 Kh7 32. Kf3 Kg6 33. Ke4 h4 34. c4
Rh8 35. Rd1 Re8 36. Rd7 Rh8 37. Rd1 Re8 38. a4 Rh8 39. Rd2 g4 40. Rd1 h3 41.
gxh3 gxh3 42. Rg1+ Kh5 43. Kf5 Kh4 44. e6 fxe6+ 45. Kxe6 h2 46. Rh1 Kg3 47. f7
Kg2 48. Rxh2+ Kxh2 49. e4 a5 50. Kf6 b5 51. Kg7 Rb8 52. axb5 a4 53. f8=Q Rxf8
54. Kxf8 a3 55. b6 a2 56. b7 a1=Q 57. b8=Q+ Kg2 58. Ke7 Qg7+ 59. Ke6 Qd4 60. Qe5
Qxc4+ 61. Qd5 Qa6+ 62. Kf7 Qf1+ 63. Ke7 c4 64. e5+ Kf2 65. Qc5+ Ke1 66. Qb4+ Kd1
67. Qb1+ Ke2 68. Qc2+ Ke3 69. e6 Qd3 70. Qc1+ Ke2 71. Qb2+ Kd1 72. Qa1+ Kd2 73.
Qa2+ Kd1 74. Qa1+ Kd2 75. Qb2+ Kd1 76. Qb5 Kd2 77. Qg5+ Qe3 78. Qg2+ Qe2 79.
Qd5+ Qd3 80. Qg5+ Qe3 81. Qxe3+ Kxe3 82. Kf6 c3 83. e7 c2 84. e8=Q+ Kd2 85. Qd7+
Kc3 86. Qc6+ Kb2 87. Qb5+ Ka2 88. Qc4+ Kb2 89. Qb4+ Ka2 90. Qc3 Kb1 91. Qb3+ Ka1
92. Qxc2 1/2-1/2